000
00277nam a2200109Ia 4500
008
230907s9999||||xx |||||||||||||| ||und||
082
_a
333.79,LOB
100
_a
Lobo, F.M. Rui.
_9
115127
245
0
_a
Nanophysics for energy efficiency.
300
_a
xxiii, 73 p.:
942
_c
BK
999
_c
597646
_d
597646